000 00930cab a2200313 4500
001 ABS45420
008 090401t1991 xxu||||| |||| 00| 0 eng d
035 _a(Sirsi) u52826
041 _aeng
245 _aCentrefolio: Greater Manchester
260 _c1991
350 _a0
490 _aChartered Surveyor Weekly
_v37 (5) 31 October 1991, 43-81(13)
520 _aReviews the retail, industrial and office market in Greater Manchester and surrounding district. Profiles the Grand Island development scheme.
650 _aBOLTON
650 _aGRAND ISLAND DEVELOPMENT
650 _aINDUSTRIAL PROPERTY
650 _aLIVERPOOL
650 _aMANCHESTER
650 _aMARKET
650 _aOFFICES
650 _aPOPULATION
650 _aRETAIL PROPERTY
650 _aSTOCKPORT
650 _aWILMSLOW
690 _aPROPERTY-COMMERCIAL PROPERTY-COMMERCIAL PROPERTY MARKET
942 _n0
948 _c04/03/1997
999 _c32613
_d32613